000 00937nam a2200301 i 4500
003 EG-GICUC
005 20260422172059.0
008 260422s1958 it ||f |||| 000 0 fre d
040 _aEG-GiCUC
_cEG-GiCUC
_dEG-GiCUC
_eRda
_bfre
041 0 _afre
082 0 4 _221
_a343.645
_bLA
092 0 4 _221
099 _aLaw1 10 343.645 LA 1958 1011222 C1
245 0 0 _aL'ambiente Carcerario.
264 1 _aMilano :
_bDott. A. Giuffre Editore ,
_c1958.
300 _a305 page ;
_c24 cm.
336 _2rda contenu
_a texte
337 _2rda medias
_aOrdinateur
338 _2 transporteur rda
_a Ressource en ligne
490 0 _3Quaderni Dell'istituto Di Studi Penitenziari ;
_a2
546 _aText in English
650 1 4 _aEnvironnement culturel
_xla prison
650 1 4 _aEnvironnement culturel
_xCrime
651 1 _2qrmak
856 4 0 _uhttps://fll.law.cu.edu.eg/fulltext/bks/B10-11222.pdf
905 _a164
942 _2ddc
_cBK
_e21
_n0
999 _c72846
_d72846